00707cam a2200229 i 4500001001000000003000900010005001700019007000300036008004100039020001500080040003000095082001900125100004900144245005300193260001000246264003600256300002600292336002700318337003300345338002800378500007100406000004672DO-SdBNP20250226085925.0ta790125s1997 mx 000 p spa  a9681903005 aDO-SdBNPbspacBNPHUerda axxxbG643b2221 aGonzález, José Luis,d1926-eautor4aut.10aBalada de otro tiempo /cJosé Luis González. c1997. 4aMéxico :bAlfaguara,c©1997. a115 páginasc22 cm. atextobtxt2rdacontent asin mediaciónbn2rdamedia avolumenbnc2rdacarrier aIncluye datos biográficos del autor en la solapa de la cubierta.